| 000 | 00462nam a22001817a 4500 | ||
|---|---|---|---|
| 003 | NUST - PNEC | ||
| 005 | 20170116181140.0 | ||
| 008 | 151005b xxu||||| |||| 00| 0 eng d | ||
| 020 | _a- | ||
| 040 | _cLIBRARY | ||
| 082 | _a940.18 RUN | ||
| 100 |
_913532 _aRunciman, Steven |
||
| 245 |
_aA history of the Crusades Vol III _cSteven Runciman |
||
| 250 | _aVol III | ||
| 260 | _cc1952 | ||
| 650 |
_913533 _aMiddle East--Jerusalem _xGeneral |
||
| 942 |
_2ddc _cBK |
||
| 999 |
_c70440 _d70440 |
||